| 000 | 01020nam a2200241 a 4500 | ||
|---|---|---|---|
| 001 | 53746 | ||
| 003 | BD-RjUL | ||
| 005 | 20211209080020.0 | ||
| 008 | 161024s1958 ii a|||| |||| 00| 0 ben d | ||
| 020 | _c: Tk. 5.00 | ||
| 035 | _a(BD-RjUL)53868 | ||
| 040 |
_aBD-RjUL _bben _cBD-RjUL |
||
| 041 | _aben | ||
| 082 |
_223 _a891.44209 _bCHB 1958 |
||
| 100 |
_aচৌধুরী, অহীন্দ্র _9148635 |
||
| 245 | 1 | 0 |
_aবাংলা নাট্য-বিবর্ধনে গিরিশচন্দ্র / _cঅহীন্দ্র চৌধুরী |
| 260 |
_aকলিকাতা : _bবুকল্যাণ্ড, _c১৯৫৮ |
||
| 300 |
_a[১৬], ১৮৪ পৃ. : _bচিত্র ; _c২৩ সেমি. |
||
| 504 | _aগ্রন্থপঞ্জি ও নির্ঘণ্ট সংযুক্ত | ||
| 650 |
_aবাংলা নাটক _xইতিহাস ও সমালোচনা _9123674 |
||
| 650 |
_aBengali Drama _xHistory and Criticism _9122764 |
||
| 942 |
_2ddc _cBK |
||
| 999 |
_c53746 _d53746 |
||